000 01350cam a2200229 4500
001 ABS66074
008 021105n2002 000 0 eng u
035 _a(Sirsi) u120368
100 _aPeace, L
245 _aBut will we like it?
260 _c2002
490 _aEstates Gazette
_v(0240) 5 October 2002, 158-159(2)
520 _aThe last in a four part series on the new voluntary code of practice for commercial leases considers how the code will be judged and what the property industry can do to ensure it succeeds. Highlights three sources of evidence to evaluate the code: research carried out by the University of Reading; customer complaints gathered by RICS; and stakeholder evidence. Suggests that landlords should advertise their support of the code in their paper work and emphasises the role of the internet to publicise the code and monitor its effectiveness. Concludes that the industry should work towards compliance by December 2003. Includes case study of how Hermes Property Asset Management is publicising the code to its clients. Code available at www.commercialleasecodeew.co.uk
590 _aABS
650 _aCOMMERCIAL LEASES
650 _aCODE OF PRACTICE
650 _aPUBLICITY
650 _aCOMPLIANCE
650 _aPROPERTY INDUSTRY
690 _aLANDLORD AND TENANT-BUSINESS TENANCIES
942 _n0
999 _c71520
_d71520